00605 a2200157 4500010001400000020001100014035001300025037001500038082001000053100001800063245018500081250001700266260004800283270009100331300002500422 aENG-87963 c120.00 aEN-71497 bDBAD / PUB14a658.31 aRao, P. Subba1 aHuman resource management :bas per new syllabus of subject, Human Resource Management for second semester, first year B.Com, Bangalore University w.e.f. 2004-05 /cby P. Subba Rao a3rd rev. ed. aNew DelhibHimalaya Publishing Housec2007 aPooja Apartments, 4-B, Murari Lal Street, Ansari Road, Darya GanjbNew Delhie110 002 a209 p.c24 cm (pbk)